Online
Catalog

La filosofía de Calderón en sus Autos sacramentales / (Record no. 5692)

MARC details
000 -CABECERA
campo de control de longitud fija 01089cam a2200277 a 4500
001 - NÚMERO DE CONTROL
campo de control 000005896
005 - FECHA Y HORA DE LA ÚLTIMA TRANSACCIÓN
campo de control 20200929151829.0
008 - DATOS DE LONGITUD FIJA--INFORMACIÓN GENERAL
campo de control de longitud fija 830126s1981 sp b s001 0 spa
020 ## - NÚMERO INTERNACIONAL ESTÁNDAR DEL LIBRO
Número Internacional Estándar del Libro 8400047362
035 ## - NÚMERO DE CONTROL DEL SISTEMA
Número de control de sistema (DLC) 81190934
040 ## - FUENTE DE LA CATALOGACIÓN
Centro catalogador/agencia de origen DO-SdBNP
Centro/agencia transcriptor DLC
Centro/agencia modificador DLC
-- BNPHU
082 ## - NÚMERO DE LA CLASIFICACIÓN DECIMAL DEWEY
Número de clasificación 928.6
Número de documento/Ítem C149F
049 ## - FONDOS LOCALES (OCLC)
Fondos de biblioteca BNGR
100 1# - ENTRADA PRINCIPAL--NOMBRE DE PERSONA
Nombre de persona Frutos, Eugenio,
Fechas asociadas al nombre 1903-1979.
9 (RLIN) 16623
245 13 - MENCIÓN DE TÍTULO
Título La filosofía de Calderón en sus Autos sacramentales /
Mención de responsabilidad, etc. Eugenio Frutos.
260 ## - PUBLICACIÓN, DISTRIBUCIÓN, ETC.
Lugar de publicación, distribución, etc. Zaragoza, (España) :
Nombre del editor, distribuidor, etc. Institución "Fernando el Católico" (C.S.I.C.) de la Excma. Diputación Provincial,
Fecha de publicación, distribución, etc. 1981.
300 ## - DESCRIPCIÓN FÍSICA
Extensión 344 p. ;
Dimensiones 24 cm.
490 1# - MENCIÓN DE SERIE
Mención de serie Publicación de la Institución "Fernando el Católico"
Designación de volumen o secuencia 792
490 1# - MENCIÓN DE SERIE
Mención de serie Tesis doctorales
Designación de volumen o secuencia 5
504 ## - NOTA DE BIBLIOGRAFÍA, ETC.
Nota de bibliografía, etc. Bibliografía: p. 331-336.
600 10 - PUNTO DE ACCESO ADICIONAL DE MATERIA--NOMBRE DE PERSONA
Nombre de persona CALDERÓN DE LA BARCA, PEDRO,
Fechas asociadas al nombre 1600-1681
Subdivisión general PHILOSOFÍA.
9 (RLIN) 16624
650 #0 - PUNTO DE ACCESO ADICIONAL DE MATERIA--TÉRMINO DE MATERIA
Término de materia o nombre geográfico como elemento de entrada Drama religioso español
Subdivisión general Historia y crítica.
9 (RLIN) 16625
830 #0 - PUNTO DE ACCESO ADICIONAL DE SERIE-TÍTULO UNIFORME
Título uniforme Tesis doctorales ;
Designación de volumen o secuencia 5
9 (RLIN) 4085
830 #0 - PUNTO DE ACCESO ADICIONAL DE SERIE-TÍTULO UNIFORME
Título uniforme Publicación de la Institución "Fernando el Católico"
Designación de volumen o secuencia 792
9 (RLIN) 13716
910 ## - DATOS DE OPCIÓN DEL USUARIO (OCLC)
Datos de opción del usuario Catalogación por copia / LC
Holdings
Estado de retiro Estado de pérdida Restricciones de uso No para préstamo Código de colección Localización permanente Ubicación/localización actual Ubicación en estantería Fecha de adquisición Número de inventario Total de préstamos Signatura topográfica completa Código de barras Fecha visto por última vez Precio válido a partir de Tipo de ítem Koha
    Préstamo interno   Monografías: Libros y Folletos General General En catalogación 24.08.2009 LF1   928.6 C149F 5896-10 25.06.2020 25.06.2020 Préstamo interno

Powered by Koha